| 000 | 01205nam a22003977a 4500 | ||
|---|---|---|---|
| 003 | OSt | ||
| 005 | 20210120124012.0 | ||
| 007 | ta | ||
| 008 | 210120e2010 dr ||||| ||| 00| 0cspa d | ||
| 040 |
_aDO-SdBNP _bspa _cBNPHU |
||
| 041 | _hspa | ||
| 082 |
_aBNPHU- xxxx _bM953, 2009 |
||
| 110 | 1 |
_aRepública Dominicana : _bSecretaría de la Mujer. _957505 |
|
| 245 | _aMujeres de febrero. | ||
| 250 | _a4ta. edición. | ||
| 260 |
_aSanto Domingo : _bMinisterio de la Mujer , _c2010 |
||
| 300 |
_a[22 pg.] ; _c20 cm |
||
| 504 | _aIncluye bibliografía , pg. 22 | ||
| 505 | 0 | _aPresentación. | |
| 505 | 0 | _aFebrero mes de la patria. | |
| 505 | 0 | _aMaría Baltasara de los Reyes. | |
| 505 | 0 | _aJosefa Antonia Pérez de la Paz (Chepita). | |
| 505 | 0 | _aAna Valverde. | |
| 505 | 0 | _aMaría Trinidad Sánchez. | |
| 505 | 0 | _aJuana Saltitopa. | |
| 505 | 0 | _aConcepción Bona. | |
| 505 | 0 | _aManuela Diez y Jiménez. | |
| 505 | 0 | _aRosa Duarte. | |
| 505 | 0 | _aMaría de las Angustias Villa. | |
| 505 | 0 | _aFilomena Gómez de Cova. | |
| 505 | 0 | _aRosa Montás de Duvergé | |
| 505 | 0 | _aFroilan Febles | |
| 505 | 0 | _aMaría de Jesús Pina. | |
| 505 | 0 | _aRosa Bastardo de Guillemo | |
| 942 |
_2ddc _cLF2 |
||
| 999 |
_c49337 _d49337 |
||